Europejskie stolice - Nagła śmierć - Statystyki

Ogólne statystyki
  • Ten quiz został rozwiązany 58 razy
  • Średni wynik to 18 z 20
Answers on the Grid
Answers color-coded by a green-red scale on the quiz's grid according to % correct below.
Montevideo
Bruksela
Rzym
Meksyk
Bratysława
Kuala Lumpur
Canberra
Bukareszt
Kiszyniów
Vaduz
Duszanbe
Abudża
Skopje
Hawana
Dublin
Lizbona
Caracas
Ottawa
Ryga
Mogadiszu
Warszawa
Sofia
Seul
Buenos Aires
Wellington
Zagrzeb
Wiedeń
Kair
Teheran
Berlin
Kingston
Santiago
Dakar
Paryż
Madryt
Amsterdam
Praga
Rijad
Luanda
Podgorica
 
Statystyki odpowiedzi
Odpowiedź % Poprawnych
Rzym
96%
Bruksela
94%
Warszawa
94%
Bratysława
92%
Praga
92%
Berlin
90%
Bukareszt
90%
Dublin
90%
Lizbona
90%
Paryż
90%
Wiedeń
90%
Zagrzeb
90%
Amsterdam
88%
Madryt
88%
Ryga
88%
Skopje
88%
Sofia
88%
Podgorica
86%
Kiszyniów
84%
Vaduz
84%
Nie znaleziono quizów pasujących do podanych kryteriów
Rozkład punktacji
Procent ludzi z każdym wynikiem
Percentyl według liczby udzielonych odpowiedzi
Twoja historia wyników
Nie rozwiązałeś tego quizu